[Event "Titled Tuesday intern op 01st Apr Late"]
[Site "Chess.com INT"]
[Date "2025.04.01"]
[Round "6"]
[White "Cappai, Davide"]
[Black "Popovic, Dobrivoj"]
[Result "1-0"]
[WhiteElo "2117"]
[BlackElo "1945"]
[PlyCount "151"]
[EventDate "2025.04.01"]
[EventType "swiss (blitz)"]
[EventRounds "11"]
[EventCountry "USA"]
[SourceTitle "CB21_2025"]
[SourceDate "2025.05.21"]
[SourceVersion "1"]
[SourceVersionDate "2025.05.21"]
[SourceQuality "1"]

1. b3 e5 2. Bb2 d6 3. e3 Nf6 4. Nf3 Be7 5. d4 exd4 6. Nxd4 0-0 7. c4 Bd7 8. Nc3 Nc6 9. Be2 Re8 10. Bf3 Nxd4 11. Qxd4 Bc6 12. Nd5 Bxd5 13. Bxd5 Bf8 14. Bxb7 Rb8 15. Bf3 c5 16. Qd3 Qc7 17. 0-0 Nd7 18. Rad1 Ne5 19. Qe2 g6 20. Bd5 Bg7 21. f4 Nd7 22. Bxg7 Kxg7 23. Qb2+ Kg8 24. e4 Nb6 25. Qf6 Nxd5 26. Rxd5 Re6 27. Qc3 Rxe4 28. f5 Qe7 29. fxg6 fxg6 30. Qd3 Re6 31. h3 Rf8 32. Rd1 Rff6 33. Kh2 Re1 34. Rxe1 Qxe1 35. Qd2 Qe6 36. Qg5 Kg7 37. Rd2 Rf5 38. Qg3 Re5 39. Rf2 d5 40. cxd5 Qxd5 41. Qc3 Kh6 42. Qc1+ Kg7 43. Qf4 Rf5 44. Qc7+ Kh6 45. Rxf5 Qxf5 46. Qb8 a6 47. Qc7 a5 48. Qg3 Qg5 49. Qf3 Qe7 50. Qf4+ Kg7 51. Qd2 Qe5+ 52. Kg1 Qd4+ 53. Qxd4+ cxd4 54. Kf2 Kf6 55. Ke2 Ke5 56. Kd3 Kd5 57. a3 Kc5 58. b4+ axb4 59. axb4+ Kxb4 60. Kxd4 Kb5 61. g4 Kc6 62. Ke5 Kd7 63. Kf6 h5 64. g5 h4 65. Kxg6 Ke6 66. Kh5 Kf5 67. Kxh4 Kg6 68. Kg4 Kg7 69. h4 Kh8 70. h5 Kg8 71. Kf5 Kh8 72. Kf6 Kg8 73. g6 Kh8 74. g7+ Kg8 75. h6 Kh7 76. Kf7 1-0

[Event "Titled Tuesday intern op 01st Apr Late"]
[Site "Chess.com INT"]
[Date "2025.04.01"]
[Round "3"]
[White "Yurovskich, Oleksandr"]
[Black "Cappai, Davide"]
[Result "0-1"]
[WhiteElo "2328"]
[BlackElo "2117"]
[PlyCount "70"]
[EventDate "2025.04.01"]
[EventType "swiss (blitz)"]
[EventRounds "11"]
[EventCountry "USA"]
[SourceTitle "CB21_2025"]
[SourceDate "2025.05.21"]
[SourceVersion "1"]
[SourceVersionDate "2025.05.21"]
[SourceQuality "1"]

1. d4 d5 2. Bf4 Nf6 3. e3 g6 4. Nd2 Bg7 5. Ngf3 0-0 6. Be2 b6 7. 0-0 c5 8. c3 Bb7 9. a4 Nc6 10. Ne5 Nd7 11. Nxd7 Qxd7 12. Qb3 e5 13. dxe5 Bxe5 14. Bxe5 Nxe5 15. Nf3 Nc6 16. Rfd1 Rfd8 17. Rd2 Na5 18. Qa3 Qe7 19. b4 cxb4 20. cxb4 Nc4 21. Bxc4 dxc4 22. Qc3 Bxf3 23. Rxd8+ Rxd8 24. gxf3 Qg5+ 25. Kf1 Qd5 26. Ke2 a6 27. Qc2 b5 28. axb5 axb5 29. Rg1 Qd6 30. Qc3 Qxh2 31. Ra1 Qd6 32. Rg1 h5 33. Rh1 Kh7 34. Qc2 Qd3+ 35. Qxd3 Rxd3 0-1

[Event "Titled Tuesday intern op 18th Mar Late"]
[Site "Chess.com INT"]
[Date "2025.03.18"]
[Round "10"]
[White "Ahmad, Al Khatib"]
[Black "Cappai, Davide"]
[Result "0-1"]
[WhiteElo "2279"]
[BlackElo "2123"]
[PlyCount "172"]
[EventDate "2025.03.18"]
[EventType "swiss (blitz)"]
[EventRounds "11"]
[EventCountry "USA"]
[SourceTitle "CB13_2025"]
[SourceDate "2025.03.26"]
[SourceVersion "1"]
[SourceVersionDate "2025.03.26"]
[SourceQuality "1"]

1. d4 d5 2. Nc3 Nf6 3. Bf4 a6 4. e3 c5 5. dxc5 Qa5 6. Nf3 Bg4 7. a3 Qxc5 8. Be2 Nc6 9. h3 Bxf3 10. Bxf3 e6 11. 0-0 Be7 12. Rc1 b5 13. e4 d4 14. e5 Nd5 15. Nxd5 exd5 16. c3 0-0 17. cxd4 Qxd4 18. Bg3 Qxd1 19. Rfxd1 Na5 20. Bxd5 Rad8 21. e6 fxe6 22. Bxe6+ Kh8 23. Rd7 Rxd7 24. Bxd7 Nc4 25. a4 Nxb2 26. axb5 axb5 27. Bxb5 Bf6 28. Rc7 Nd1 29. Rb7 Nc3 30. Bc6 Ne2+ 31. Kh2 Nxg3 32. fxg3 Be5 33. h4 h6 34. Kh3 Rb8 35. Re7 Bd6 36. Rd7 Be5 37. Be4 Bf6 38. Ra7 Rd8 39. Bf5 Kg8 40. Be6+ Kf8 41. Bf5 Rd4 42. Be6 Rb4 43. Rf7+ Ke8 44. Ra7 Be5 45. Bf7+ Kd8 46. Bd5 Rd4 47. Bf3 Bf6 48. Rb7 Kc8 49. Rf7 Kd8 50. Ra7 Ke8 51. Rb7 Kd8 52. g4 Rc4 53. Ra7 Be5 54. Rf7 Rc1 55. g3 Rc3 56. Kg2 Rc2+ 57. Kh3 Rc3 58. g5 hxg5 59. hxg5 Rc4 60. Ra7 Ke8 61. Rb7 Kf8 62. g6 Ke8 63. Bd5 Rc3 64. Bf7+ Kd8 65. Kg4 Bxg3 66. Kf5 Rc5+ 67. Kg4 Be5 68. Ra7 Bf6 69. Rb7 Rc7 70. Rb8+ Ke7 71. Rb5 Rc3 72. Rb4 Kd6 73. Rb6+ Ke5 74. Re6+ Kd4 75. Re2 Rc5 76. Rd2+ Ke3 77. Rd1 Rg5+ 78. Kh3 Ke2 79. Rd6 Be5 80. Re6 Kf3 81. Kh4 Kf4 82. Ra6 Rg1 83. Ra4+ Kf5 84. Kh3 Rg3+ 85. Kh4 Rg2 86. Kh3 Rh2# 0-1

[Event "Titled Tuesday intern op 17th Jan Early"]
[Site "Chess.com INT"]
[Date "2023.01.17"]
[Round "7"]
[White "Cappai, Davide"]
[Black "Cherniaiev, Tykhon"]
[Result "0-1"]
[WhiteElo "2140"]
[BlackElo "2330"]
[PlyCount "94"]
[EventDate "2023.01.17"]
[EventType "swiss (blitz)"]
[EventRounds "11"]
[EventCountry "USA"]
[SourceTitle "CBM 212 Extra"]
[Source "ChessBase"]
[SourceDate "2023.03.31"]
[SourceVersion "1"]
[SourceVersionDate "2023.03.31"]
[SourceQuality "1"]

1. b3 e5 2. Bb2 Nc6 3. e3 Nf6 4. Nf3 Bd6 5. d4 exd4 6. Nxd4 Nxd4 7. Qxd4 0-0 8. c4 Re8 9. Nc3 Be5 10. Qd3 d5 11. 0-0-0 c6 12. cxd5 cxd5 13. Be2 Be6 14. Kb1 Qd7 15. Ka1 Rac8 16. Bf3 Red8 17. Rc1 Bf5 18. Qd2 d4 19. exd4 Qxd4 20. Qxd4 Bxd4 21. Bxb7 Rb8 22. Ba6 Bxf2 23. Rcf1 Rd2 24. Na4 Ng4 25. Bc3 Rc2 26. Rc1 Ne3 27. Rxc2 Nxc2+ 28. Kb2 Ne3 29. h3 Nxg2 30. Rf1 Ne3 31. Rxf2 Nd1+ 32. Ka3 Nxf2 33. Bd4 Nxh3 34. b4 Nf4 35. b5 Bd3 36. Bxa7 Ra8 37. Be3 Nd5 38. Nb6 Nxb6 39. Bxb6 Bxb5 40. Kb4 Bxa6 41. a4 h5 42. a5 h4 43. Kc5 h3 44. Bc7 Rc8 45. Kb6 Rxc7 46. Kxc7 h2 47. Kb6 h1Q 0-1

[Event "Titled Tuesday intern op 03rd Jan Early"]
[Site "Chess.com INT"]
[Date "2023.01.03"]
[Round "2"]
[White "Makhmudov, Shukhrat"]
[Black "Cappai, Davide"]
[Result "0-1"]
[WhiteElo "2115"]
[BlackElo "2140"]
[PlyCount "116"]
[EventDate "2023.01.03"]
[EventType "swiss (blitz)"]
[EventRounds "11"]
[EventCountry "USA"]
[SourceTitle "EXT 2024"]
[Source "ChessBase"]
[SourceDate "2023.10.10"]
[SourceVersion "1"]
[SourceVersionDate "2023.10.10"]
[SourceQuality "1"]

1. e4 c5 2. Nf3 Nc6 3. d4 cxd4 4. Nxd4 g6 5. Nxc6 bxc6 6. Qd4 Nf6 7. e5 Nd5 8. Nc3 Qb6 9. Qxb6 axb6 10. Nxd5 cxd5 11. c3 Bg7 12. f4 Kd8 13. Be3 Kc7 14. Bd4 Ba6 15. a3 Kc6 16. 0-0-0 Bxf1 17. Rhxf1 e6 18. h4 b5 19. g3 Rhb8 20. Kc2 h5 21. Rd2 Bf8 22. Rg2 Bc5 23. Bxc5 Kxc5 24. Kd3 Ra4 25. g4 hxg4 26. Rxg4 Rh8 27. Rh1 Rh5 28. Rh3 Rf5 29. Rf3 Re4 30. b4+ Kc6 31. Kd2 Rexe5 32. Rg5 Re4 33. Rxf5 exf5 34. Rf1 Kd6 35. Kd3 Ke6 36. Kd2 d4 37. Rf3 Kd5 38. cxd4 Rxd4+ 39. Rd3 Ke4 40. Rxd4+ Kxd4 41. Kc2 Kc4 42. Kb2 d5 43. Kc2 d4 44. Kb2 d3 45. Kc1 Kb3 46. Kd2 Kxa3 47. Kxd3 Kxb4 48. Kd4 Ka3 49. Ke5 b4 50. Kf6 b3 51. Kxf7 b2 52. Kxg6 b1Q 53. h5 Qe4 54. h6 Qxf4 55. h7 Qg4+ 56. Kf7 Qh5+ 57. Kg7 f4 58. h8B Qxh8+ 0-1

[Event "Spilimbergo op 20th"]
[Site "Spilimbergo"]
[Date "2022.08.09"]
[Round "1"]
[White "Visakh, Narayanan Rajeswari"]
[Black "Cappai, Davide"]
[Result "1-0"]
[WhiteElo "2542"]
[BlackElo "2210"]
[PlyCount "69"]
[EventDate "2022.08.09"]
[EventType "swiss"]
[EventRounds "9"]
[EventCountry "ITA"]
[SourceTitle "CBM 209 Extra"]
[Source "ChessBase"]
[SourceDate "2022.09.30"]
[SourceVersion "1"]
[SourceVersionDate "2022.09.30"]
[SourceQuality "1"]

1. d4 Nf6 2. c4 c5 3. d5 b5 4. cxb5 a6 5. bxa6 g6 6. Nc3 Bg7 7. Nf3 0-0 8. g3 d6 9. Bg2 Qa5 10. 0-0 Bxa6 11. Bd2 Nbd7 12. a4 Rfb8 13. Rb1 Qc7 14. b3 Ra7 15. Qc2 Rab7 16. Rfe1 Ng4 17. Bf1 Nge5 18. Nxe5 Nxe5 19. f4 Bd3 20. exd3 Nf3+ 21. Kh1 Nxe1 22. Bxe1 e5 23. dxe6 fxe6 24. Nb5 Qd7 25. Bg2 Rb6 26. Bc3 Rc8 27. Bxg7 Kxg7 28. Re1 d5 29. Qe2 Kf7 30. Qe3 Ra6 31. Bf3 Qd8 32. f5 exf5 33. Qe5 Qf6 34. Bxd5+ Kg7 35. Bb7 1-0

[Event "Imola Ferrari Cup 1st"]
[Site "Imola"]
[Date "2021.12.03"]
[Round "1"]
[White "Fassio, Luca"]
[Black "Cappai, Davide"]
[Result "1/2-1/2"]
[WhiteElo "2032"]
[BlackElo "2214"]
[PlyCount "100"]
[EventDate "2021.12.03"]
[EventType "swiss"]
[EventRounds "5"]
[EventCountry "ITA"]
[SourceTitle "EXT 2023"]
[Source "ChessBase"]
[SourceDate "2022.10.05"]
[SourceVersion "1"]
[SourceVersionDate "2022.10.05"]
[SourceQuality "1"]

1. e4 c5 2. c3 Nf6 3. e5 Nd5 4. d4 cxd4 5. cxd4 g6 6. Nf3 Bg7 7. Nc3 Nxc3 8. bxc3 d6 9. Bf4 0-0 10. Be2 Nc6 11. exd6 exd6 12. 0-0 Bf5 13. Qd2 Re8 14. Rfe1 d5 15. h3 Rc8 16. Bb5 Bd7 17. Rxe8+ Bxe8 18. Bxc6 Bxc6 19. Ne5 f6 20. Nd3 Qf8 21. a4 Qf7 22. a5 Re8 23. Bd6 a6 24. Re1 Re6 25. Bb4 g5 26. Rxe6 Qxe6 27. Qe3 Qxe3 28. fxe3 h5 29. Kf2 Kf7 30. Kf3 Bh6 31. g4 h4 32. Kf2 f5 33. gxf5 Kf6 34. Kf3 Kxf5 35. Nf2 Bb5 36. Bc5 Bf1 37. Be7 Bg7 38. Bd8 Bf8 39. e4+ dxe4+ 40. Nxe4 Bxh3 41. Bxg5 Bg4+ 42. Ke3 h3 43. Bf4 Ke6 44. c4 Bb4 45. d5+ Kf5 46. Bc7 Bd1 47. Nf2 Bc5+ 48. Kd2 Bxf2 49. Kxd1 Kg4 50. Ke2 Bg3 1/2-1/2

[Event "EU-ch Online 2300+ Final"]
[Site "Chess.com INT"]
[Date "2020.05.30"]
[Round "1"]
[White "Cappai, Davide"]
[Black "Jones, Gawain C B"]
[Result "0-1"]
[WhiteElo "2217"]
[BlackElo "2670"]
[PlyCount "164"]
[EventDate "2020.05.30"]
[EventType "swiss"]
[EventRounds "8"]
[EventCountry "NET"]
[SourceTitle "CBM 196 Extra"]
[Source "ChessBase"]
[SourceDate "2020.07.31"]
[SourceVersion "1"]
[SourceVersionDate "2020.07.31"]
[SourceQuality "1"]

1. e4 e5 2. Nf3 Nc6 3. Bc4 Nf6 4. d3 h6 5. c3 Bc5 6. Nbd2 d6 7. Bb3 a6 8. Nf1 d5 9. Ng3 dxe4 10. dxe4 Qxd1+ 11. Bxd1 Be6 12. Bb3 Bxb3 13. axb3 0-0-0 14. Ke2 Rd7 15. b4 Bb6 16. Be3 Bxe3 17. Kxe3 Rhd8 18. Ke2 g6 19. Rhd1 Rxd1 20. Rxd1 Rxd1 21. Kxd1 Kd7 22. Ke2 Ke6 23. Nd2 Ne8 24. Kd3 f5 25. Ne2 Nd6 26. f3 Nd8 27. g3 h5 28. h4 Nc6 29. Nf1 Ne7 30. Nd2 Ng8 31. Ng1 Nf6 32. Nh3 Nf7 33. Ke3 Ne8 34. b3 Ned6 35. Kd3 Nb5 36. Nc4 Kf6 37. Ne3 c6 38. Nc4 fxe4+ 39. fxe4 Nbd6 40. Nxd6 Nxd6 41. Ng5 Nb5 42. Nf3 Nc7 43. Ng5 Ke7 44. Nf3 Kd6 45. Ng5 Kd7 46. Nf7 Ke6 47. Nd8+ Ke7 48. Nxb7 Ne6 49. Nc5 Nc7 50. c4 Kd6 51. Kc3 Ke7 52. Kb2 g5 53. Kc3 gxh4 54. gxh4 Kd6 55. Kb2 Ke7 56. Ka3 Ne8 57. Nxa6 Nd6 58. Nc5 Nf7 59. Kb2 Nh8 60. b5 cxb5 61. cxb5 Kd6 62. b6 Ng6 63. b7 Kc7 64. Kc3 Nxh4 65. Kb4 Nf3 66. Ka5 Nd4 67. Ka6 Nc6 68. Kb5 h4 69. Nd3 h3 70. Nf2 h2 71. Kc5 Kxb7 72. b4 Kc7 73. Kd5 Nxb4+ 74. Kxe5 Nd3+ 75. Nxd3 h1Q 76. Kd4 Qg1+ 77. Kd5 Qd1 78. Kc4 Qe2 79. Kd4 Qd2 80. Kc4 Qe3 81. e5 Qe4+ 82. Kc3 Kb6 0-1

[Event "EU-ch Online 2300+ Qual"]
[Site "Chess.com INT"]
[Date "2020.05.29"]
[Round "3"]
[White "Deac, Bogdan Daniel"]
[Black "Cappai, Davide"]
[Result "1-0"]
[WhiteElo "2625"]
[BlackElo "2217"]
[PlyCount "139"]
[EventDate "2020.05.29"]
[EventType "swiss"]
[EventRounds "8"]
[EventCountry "NET"]
[SourceTitle "CBM 196 Extra"]
[Source "ChessBase"]
[SourceDate "2020.07.31"]
[SourceVersion "1"]
[SourceVersionDate "2020.07.31"]
[SourceQuality "1"]

1. Nf3 c5 2. e3 g6 3. d4 b6 4. dxc5 bxc5 5. Qd5 Nc6 6. Qxc5 Bg7 7. Bd3 Rb8 8. Nc3 Nf6 9. 0-0 Bb7 10. e4 d6 11. Qg5 0-0 12. Qh4 Nb4 13. Bh6 Nxd3 14. cxd3 Ba6 15. Bxg7 Kxg7 16. b3 Qa5 17. e5 Qxc3 18. exf6+ Qxf6 19. Qxf6+ Kxf6 20. Rfd1 Rfc8 21. Rd2 Rc3 22. d4 Rbc8 23. h3 Bb7 24. Ne1 Rc1 25. Rd1 Rxa1 26. Rxa1 Rc3 27. f3 Ke6 28. Kf2 Kd5 29. Rd1 Ba6 30. Rd2 h5 31. h4 Bb5 32. Kg3 f6 33. Kf2 a5 34. g3 Ba6 35. Ng2 g5 36. Ne3+ Ke6 37. Rc2 Rd3 38. Rc7 Rd2+ 39. Kg1 Rxd4 40. Rxe7+ Kxe7 41. Nf5+ Ke6 42. Nxd4+ Kd5 43. Nf5 gxh4 44. gxh4 Ke5 45. Ng3 Bd3 46. Nxh5 Bb1 47. a3 f5 48. Ng3 f4 49. Ne2 d5 50. Kf2 d4 51. Ke1 Ba2 52. Nc1 Bb1 53. Kd2 Bg6 54. Nd3+ Kf5 55. b4 axb4 56. axb4 Be8 57. Ne1 Ke5 58. Nd3+ Kf5 59. Nc5 Bc6 60. Ke2 Bb5+ 61. Kf2 Bc6 62. Nb3 Ke5 63. h5 Bd5 64. h6 Kf6 65. Nxd4 Kg6 66. b5 Kxh6 67. b6 Kg6 68. Nb5 Kf6 69. Nd6 Ke6 70. b7 1-0